000
00305nam a2200121Ia 4500
005
20251222140058.0
008
251222s1900||||xx |||||||||||||| ||spa||
082
_a
109/R56
100
_a
Riesco Díaz, Dolores
245
0
_a
Las Grandes Culturas y su Filosofía Comparada
264
_b
Castilla
942
_c
LIB
999
_c
3842
_d
3842